000 00590nam a22002177a 4500
005 20170124110116.0
010 _a661284
020 _c00.00
_a0001848100
035 _a661284
037 _bCen Lib/Ret
040 _aDPL
_bEN
082 _aN
_bAVE
100 _aAvery, Gillian
_930005
245 _aA likely lad /
_cby Gillian Avery
260 _bWilliam Collins Sons
_c1971
_aLondon
270 _aSt. James's Place
_bLondon
300 _a222p. :
_c20cm(Hb)
_bill.
650 _aFamilies -- Juvenile fiction
_930006
650 _aEngland -- Fiction
_930007
942 _2ddc
_cEN
_hN
_mAVE
999 _c130746
_d130746